000 00518nam a22001937a 4500
005 20220726115246.0
008 220726b ||||| |||| 00| 0 eng d
040 _cAL
041 _aEnglish
082 _223
_a305.52
_bBOTE
100 _aT B Bottomore
_953307
245 _aElites and Society
260 _aHarmondsworth
_bPenguin Books
_c1964
300 _a160 p.
_bPB
_c20x13 cm.
650 _aElite (Social sciences)
_953308
650 _aIdeology
_953309
700 _aBOTTOMORE (T B)
_953310
942 _2ddc
_cGF
999 _c224190
_d224190